<?xml version='1.0' encoding='UTF-8'?>
  <record xmlns="http://www.loc.gov/MARC21/slim">
    <leader>00000cam a22000007i 4500</leader>
    <controlfield tag="001">ocm65233355</controlfield>
    <controlfield tag="003">OCoLC</controlfield>
    <controlfield tag="005">20250718101839.0</controlfield>
    <controlfield tag="008">900326s1527    gw            000 0 ger d</controlfield>
    <datafield tag="040" ind1=" " ind2=" ">
      <subfield code="a">NLGGC</subfield>
      <subfield code="b">eng</subfield>
      <subfield code="e">rda</subfield>
      <subfield code="e">dcrmr</subfield>
      <subfield code="c">NLGGC</subfield>
      <subfield code="d">QGJ</subfield>
      <subfield code="d">OCLCO</subfield>
      <subfield code="d">OCLCL</subfield>
      <subfield code="d">QGJ</subfield>
    </datafield>
    <datafield tag="029" ind1="0" ind2=" ">
      <subfield code="a">NLGGC</subfield>
      <subfield code="b">059955775</subfield>
    </datafield>
    <datafield tag="035" ind1=" " ind2=" ">
      <subfield code="a">(OCoLC)65233355</subfield>
    </datafield>
    <datafield tag="100" ind1="1" ind2=" ">
      <subfield code="a">Zwingli, Ulrich,</subfield>
      <subfield code="d">1484-1531,</subfield>
      <subfield code="e">author.</subfield>
      <subfield code="4">aut</subfield>
      <subfield code="1">https://id.oclc.org/worldcat/entity/E39PBJt3YwWP97QwqKjTb7gMyd</subfield>
    </datafield>
    <datafield tag="245" ind1="1" ind2="0">
      <subfield code="a">Antwurt Huldrichen Zwinglins ũber Doctor Straussen Büchlen, wider jnn geschriben, das Nachtmal Christi betreffende.</subfield>
    </datafield>
    <datafield tag="246" ind1="3" ind2=" ">
      <subfield code="a">Antwurt Huldrichen Zwinglins über Doctor Straussen Büchlin wider inn geschriben, das Nachtmal Christi betreffende</subfield>
    </datafield>
    <datafield tag="264" ind1=" " ind2="1">
      <subfield code="a">[Augsburg] :</subfield>
      <subfield code="b">[Philipp Ulhart der Ältere],</subfield>
      <subfield code="c">[1527]</subfield>
    </datafield>
    <datafield tag="300" ind1=" " ind2=" ">
      <subfield code="a">[63] pages ;</subfield>
      <subfield code="c">20 cm (4to)</subfield>
    </datafield>
    <datafield tag="336" ind1=" " ind2=" ">
      <subfield code="a">text</subfield>
      <subfield code="b">txt</subfield>
      <subfield code="2">rdacontent</subfield>
    </datafield>
    <datafield tag="337" ind1=" " ind2=" ">
      <subfield code="a">unmediated</subfield>
      <subfield code="b">n</subfield>
      <subfield code="2">rdamedia</subfield>
    </datafield>
    <datafield tag="338" ind1=" " ind2=" ">
      <subfield code="a">volume</subfield>
      <subfield code="b">nc</subfield>
      <subfield code="2">rdacarrier</subfield>
    </datafield>
    <datafield tag="340" ind1=" " ind2=" ">
      <subfield code="m">4to</subfield>
      <subfield code="2">rdabf</subfield>
    </datafield>
    <datafield tag="500" ind1=" " ind2=" ">
      <subfield code="a">Signatures: A-H⁴; H4v is blank.</subfield>
    </datafield>
    <datafield tag="500" ind1=" " ind2=" ">
      <subfield code="a">Title within decorated wood-cut border.</subfield>
    </datafield>
    <datafield tag="500" ind1=" " ind2=" ">
      <subfield code="a">Reaction on: Strauss, Jakob. Wider den vnmilten Jrrthum̃[m] Maister Vlrichs zwinglins, So er verneünet, die warhafftig gegenwirtigkait dess allerhailligsten leybs vnd bluts Christi im Sacrament. - [Augsburg] : [Melchior Ramminger], [1526].</subfield>
    </datafield>
    <datafield tag="500" ind1=" " ind2=" ">
      <subfield code="a">Printing by Kuczyński (Thesaurus libellorum historiam Reformationis illustrantium) attributed to Friedrich Peypus in Nuremberg.</subfield>
    </datafield>
    <datafield tag="510" ind1="4" ind2=" ">
      <subfield code="a">Verzeichnis der im deutschen Sprachbereich erschienenen Drucke des 16. Jahrhunderts (VD 16),</subfield>
      <subfield code="c">Z 796</subfield>
      <subfield code="u">https://gateway-bayern.de/VD16+Z+796</subfield>
    </datafield>
    <datafield tag="510" ind1="3" ind2=" ">
      <subfield code="a">Not in: Finsler, G. Zwingli-Bibliographie</subfield>
    </datafield>
    <datafield tag="510" ind1="4" ind2=" ">
      <subfield code="a">Kuczyński, A. Thesaurus libellorum historiam Reformationis illustrantium,</subfield>
      <subfield code="c">2912</subfield>
    </datafield>
    <datafield tag="600" ind1="1" ind2="0">
      <subfield code="a">Strauss, Jakob,</subfield>
      <subfield code="d">approximately 1483-approximately 1533.</subfield>
    </datafield>
    <datafield tag="650" ind1=" " ind2="0">
      <subfield code="a">Lord's Supper</subfield>
      <subfield code="v">Early works to 1800.</subfield>
    </datafield>
    <datafield tag="650" ind1=" " ind2="7">
      <subfield code="a">Lord's Supper</subfield>
      <subfield code="2">fast</subfield>
    </datafield>
    <datafield tag="655" ind1=" " ind2="7">
      <subfield code="a">Early works</subfield>
      <subfield code="2">fast</subfield>
    </datafield>
    <datafield tag="700" ind1="1" ind2=" ">
      <subfield code="a">Peypus, Friedrich,</subfield>
      <subfield code="d">1485-1534,</subfield>
      <subfield code="e">attributed name.</subfield>
      <subfield code="4">att</subfield>
      <subfield code="1">https://id.oclc.org/worldcat/entity/E39PBJyxjXy7fKbGjcyTP7F9Xd</subfield>
    </datafield>
    <datafield tag="700" ind1="1" ind2=" ">
      <subfield code="a">Ulhart, Philipp,</subfield>
      <subfield code="d">-1567 or 1568,</subfield>
      <subfield code="e">printer.</subfield>
      <subfield code="4">prt</subfield>
      <subfield code="1">https://id.oclc.org/worldcat/entity/E39PBJkCYXX8BRXmChXjdH3YT3</subfield>
    </datafield>
    <datafield tag="752" ind1=" " ind2=" ">
      <subfield code="a">Germany</subfield>
      <subfield code="d">Augsburg,</subfield>
      <subfield code="e">publication place.</subfield>
      <subfield code="4">pup</subfield>
    </datafield>
    <datafield tag="758" ind1=" " ind2=" ">
      <subfield code="i">has work:</subfield>
      <subfield code="a">Antwurt Hul=drichen Zwinglins ũber Doctor Straussen Buech=lin, wider jnn geschri=ben, das Nacht=mal Christi be=treffende (Text)</subfield>
      <subfield code="1">https://id.oclc.org/worldcat/entity/E39PCFPJqxDFpY6DYV8VJ6PD9C</subfield>
      <subfield code="4">https://id.oclc.org/worldcat/ontology/hasWork</subfield>
    </datafield>
  </record>